| 000 | 01709nam a2200277Ia 4500 | ||
|---|---|---|---|
| 003 | PE SENCICO BE | ||
| 005 | 20251020182430.0 | ||
| 008 | 200515s9999 xx 000 0 und d | ||
| 020 | _a958-600-447-3 | ||
| 040 |
_aPE SENCICO BE _cPE SENCICO BE |
||
| 041 | _aspa | ||
| 082 |
_a658.154 _bB94 1995 |
||
| 100 | 1 |
_aBurbano Ruíz, Jorge E. _92545 _eautor |
|
| 245 | 1 | 0 |
_aPresupuestos : _benfoque moderno de planeación y control de recursos / _cJorge E. Burbano Ruiz, Alberto Ortiz Gómez |
| 250 | _a2a ed. | ||
| 260 |
_aSantafé de Bogotá, D.C. : _bMc Graw-Hill ; _c1995 |
||
| 300 |
_a376 p. : _btbl., graf. ; _c23 cm. |
||
| 505 | 0 | _aGeneralidades sobre el presupuesto empresarial -- Metodología para la elaboración del presupuesto -- Planeación del marketing y presupuestos comerciales -- Planeamiento y presupuestos de la producción -- Planeamiento y presupuestación de los costos de producción y los gastos operacionales -- Presupuesto de efectivo (flujos de caja) -- Pronósticos financieros en proyectos de inversión. | |
| 520 | 3 | _aEl texto cuenta con talleres, definición de términos, temas de reflexión, evaluación de lecturas y ejercicios para el desarrollo de habilidades al final a cada capitulo, facilitando y enriqueciendo la enseñanza. Como complemento a cada capitulo el libro presenta casos que permiten el desarrollo de habilidades generales sobre la elaboración del presupuesto en los diferentes niveles de la organización y de su respectivo control. | |
| 650 | 1 | 0 |
_aPresupuesto _92542 |
| 650 | 2 | 0 |
_aFlujos de caja _92543 |
| 650 | 2 | 0 |
_aAnálisis de inversiones _92266 |
| 650 | 2 | 0 |
_aMarketing _92546 |
| 700 | 1 |
_92547 _aOrtiz Gómez, Alberto _eautor |
|
| 942 |
_cLIB _2ddc |
||
| 999 |
_c230 _d230 |
||